<?xml version="1.0" encoding="UTF-8"?>
<record
    xmlns:xsi="http://www.w3.org/2001/XMLSchema-instance"
    xsi:schemaLocation="http://www.loc.gov/MARC21/slim http://www.loc.gov/standards/marcxml/schema/MARC21slim.xsd"
    xmlns="http://www.loc.gov/MARC21/slim">

  <leader>03713cam a2200385 i 4500</leader>
  <controlfield tag="001">21152978</controlfield>
  <controlfield tag="003">OSt</controlfield>
  <controlfield tag="005">20250814101442.0</controlfield>
  <controlfield tag="008">190826s2019    enk      b    001 0 eng  </controlfield>
  <datafield tag="010" ind1=" " ind2=" ">
    <subfield code="a">  2019948959</subfield>
  </datafield>
  <datafield tag="020" ind1=" " ind2=" ">
    <subfield code="a">9781786431264</subfield>
  </datafield>
  <datafield tag="020" ind1=" " ind2=" ">
    <subfield code="z">9781786431271</subfield>
    <subfield code="q">(eBook)</subfield>
  </datafield>
  <datafield tag="035" ind1=" " ind2=" ">
    <subfield code="a">21152978</subfield>
  </datafield>
  <datafield tag="040" ind1=" " ind2=" ">
    <subfield code="a">DLC</subfield>
    <subfield code="b">eng</subfield>
    <subfield code="e">rda</subfield>
    <subfield code="c">DLC</subfield>
  </datafield>
  <datafield tag="042" ind1=" " ind2=" ">
    <subfield code="a">pcc</subfield>
  </datafield>
  <datafield tag="050" ind1="0" ind2="0">
    <subfield code="a">K2315</subfield>
    <subfield code="b">.R47 2019</subfield>
  </datafield>
  <datafield tag="082" ind1=" " ind2=" ">
    <subfield code="a">346</subfield>
    <subfield code="b">HAL</subfield>
  </datafield>
  <datafield tag="245" ind1="0" ind2="0">
    <subfield code="a">Research Handbook on Remedies in Private Law /</subfield>
    <subfield code="c">Edited by Roger Halson and David Campbell</subfield>
  </datafield>
  <datafield tag="264" ind1=" " ind2="1">
    <subfield code="a">Cheltenham, UK :</subfield>
    <subfield code="b">Edward Elgar,</subfield>
    <subfield code="c">[2019].</subfield>
  </datafield>
  <datafield tag="300" ind1=" " ind2=" ">
    <subfield code="a">xiii, 529 pages ;</subfield>
    <subfield code="c">25 cm.</subfield>
  </datafield>
  <datafield tag="336" ind1=" " ind2=" ">
    <subfield code="a">text</subfield>
    <subfield code="b">txt</subfield>
    <subfield code="2">rdacontent</subfield>
  </datafield>
  <datafield tag="337" ind1=" " ind2=" ">
    <subfield code="a">unmediated</subfield>
    <subfield code="b">n</subfield>
    <subfield code="2">rdamedia</subfield>
  </datafield>
  <datafield tag="338" ind1=" " ind2=" ">
    <subfield code="a">volume</subfield>
    <subfield code="b">nc</subfield>
    <subfield code="2">rdacarrier</subfield>
  </datafield>
  <datafield tag="490" ind1="0" ind2=" ">
    <subfield code="a">Research handbooks in private and commercial law</subfield>
  </datafield>
  <datafield tag="504" ind1=" " ind2=" ">
    <subfield code="a">Includes bibliographical references and index.</subfield>
  </datafield>
  <datafield tag="505" ind1="0" ind2="0">
    <subfield code="t">Is remedies a subject? /</subfield>
    <subfield code="r">Steve Hedley --</subfield>
    <subfield code="t">The modern history of remedies for breach of contract /</subfield>
    <subfield code="r">Stephen Waddams --</subfield>
    <subfield code="t">The modern history of tort remedies in England and Wales /</subfield>
    <subfield code="r">Paul Mitchell --</subfield>
    <subfield code="t">Personal injury compensation and civil justice paradigms /</subfield>
    <subfield code="r">Annette Morris --</subfield>
    <subfield code="t">Remedies and reality in the law of contracts /</subfield>
    <subfield code="r">Catherine Mitchell --</subfield>
    <subfield code="t">The limitations on reliance damages for breach of contract /</subfield>
    <subfield code="r">David McLauchlan --</subfield>
    <subfield code="t">Restitution /</subfield>
    <subfield code="r">Peter Jaffey -- Two conceptions of the performance interest in contract damages /</subfield>
    <subfield code="r">David Winterton --</subfield>
    <subfield code="t">Equitable remedies for breach of trust /</subfield>
    <subfield code="r">Duncan Sheehan --</subfield>
    <subfield code="t">Termination of contract for fundamental breach /</subfield>
    <subfield code="r">Qiao Liu --</subfield>
    <subfield code="t">Literal enforcement of obligations /</subfield>
    <subfield code="r">Andrew Tettenborn --</subfield>
    <subfield code="t">The recovery of damages for non-pecuniary loss in contract and tort : a unified approach /</subfield>
    <subfield code="r">Roger Halson --</subfield>
    <subfield code="t">Remedies for common mistake and frustration /</subfield>
    <subfield code="r">Catharine MacMillan ---</subfield>
    <subfield code="t">Market damages in sales of goods and their relationship to the general principles of remedies for breach of contract /</subfield>
    <subfield code="r">David Campbell -- The Consumer Rights Act 2015 and related reforms : an epic disappointment? /</subfield>
    <subfield code="r">James Devenney --</subfield>
    <subfield code="t">Injunctions through the lens of nuisance /</subfield>
    <subfield code="r">Robert Palmer and Ben Pontin --</subfield>
    <subfield code="t">Gain-based damages /</subfield>
    <subfield code="r">Katy Barnett --</subfield>
    <subfield code="t">Remedies for breach of contract in Scots law /</subfield>
    <subfield code="r">Laura Macgregor --</subfield>
    <subfield code="t">Australian perspectives on contract damages /</subfield>
    <subfield code="r">Sirko harder -- Canadian perspectives on contract remedies /</subfield>
    <subfield code="r">Jeff Berryman -- New Zealand perspectives on contract remedies /</subfield>
    <subfield code="r">Rick Bigwood --</subfield>
    <subfield code="t">Remedies in international instruments /</subfield>
    <subfield code="r">Ewan McKendrick, Qiao Liu and Xiang Ren --</subfield>
    <subfield code="t">Those magnificent men in their unifying machines : exploring the wreckage of the unification initiative in European private law /</subfield>
    <subfield code="r">Mel Kenny --</subfield>
    <subfield code="t">Tort law and the tort system : from vindictiveness to vindication /</subfield>
    <subfield code="r">Allan Beever --</subfield>
    <subfield code="t">The structure of remedial law /</subfield>
    <subfield code="r">Stephen A. Smith -- Contract remedies as default rules /</subfield>
    <subfield code="r">Jonathan Morgan --</subfield>
    <subfield code="t">A relational perspective on contract laws default rules, with an emphasis on remedies /</subfield>
    <subfield code="r">William Whitford.</subfield>
  </datafield>
  <datafield tag="520" ind1=" " ind2=" ">
    <subfield code="a">"This Research Handbook comprehensively and authoritatively reviews the contemporary challenges in research regarding remedies in private law. The Research Handbook on Remedies in Private Law focuses on the most important issues throughout contract, equity, restitution and tort law as they have arisen in the major common law jurisdictions, touching upon those of other jurisdictions where pertinent."--Publisher information.</subfield>
  </datafield>
  <datafield tag="650" ind1=" " ind2="0">
    <subfield code="a">Remedies (Law)</subfield>
  </datafield>
  <datafield tag="650" ind1=" " ind2="0">
    <subfield code="a">Civil law.</subfield>
  </datafield>
  <datafield tag="700" ind1="1" ind2=" ">
    <subfield code="a">Halson, Roger,</subfield>
    <subfield code="e">editor.</subfield>
  </datafield>
  <datafield tag="700" ind1="1" ind2=" ">
    <subfield code="a">Campbell, David,</subfield>
    <subfield code="d">1958-</subfield>
    <subfield code="e">editor.</subfield>
  </datafield>
  <datafield tag="906" ind1=" " ind2=" ">
    <subfield code="a">7</subfield>
    <subfield code="b">cbc</subfield>
    <subfield code="c">origres</subfield>
    <subfield code="d">2</subfield>
    <subfield code="e">ncip</subfield>
    <subfield code="f">20</subfield>
    <subfield code="g">y-gencatlg</subfield>
  </datafield>
  <datafield tag="942" ind1=" " ind2=" ">
    <subfield code="2">ddc</subfield>
    <subfield code="c">BK</subfield>
    <subfield code="n">0</subfield>
  </datafield>
  <datafield tag="999" ind1=" " ind2=" ">
    <subfield code="c">1993</subfield>
    <subfield code="d">1993</subfield>
  </datafield>
  <datafield tag="952" ind1=" " ind2=" ">
    <subfield code="0">0</subfield>
    <subfield code="1">0</subfield>
    <subfield code="2">ddc</subfield>
    <subfield code="4">0</subfield>
    <subfield code="7">0</subfield>
    <subfield code="8">NFIC</subfield>
    <subfield code="a">LAW</subfield>
    <subfield code="b">LAW</subfield>
    <subfield code="c">GEN</subfield>
    <subfield code="e">Donations</subfield>
    <subfield code="l">0</subfield>
    <subfield code="o">346 HAL</subfield>
    <subfield code="r">2025-08-14 10:17:00</subfield>
    <subfield code="t">1</subfield>
    <subfield code="y">BK</subfield>
  </datafield>
  <datafield tag="952" ind1=" " ind2=" ">
    <subfield code="0">0</subfield>
    <subfield code="1">0</subfield>
    <subfield code="2">ddc</subfield>
    <subfield code="4">0</subfield>
    <subfield code="7">0</subfield>
    <subfield code="8">NFIC</subfield>
    <subfield code="a">LAW</subfield>
    <subfield code="b">LAW</subfield>
    <subfield code="c">GEN</subfield>
    <subfield code="e">Donations</subfield>
    <subfield code="l">0</subfield>
    <subfield code="o">346 HAL</subfield>
    <subfield code="r">2025-08-14 10:28:00</subfield>
    <subfield code="t">2</subfield>
    <subfield code="y">BK</subfield>
  </datafield>
</record>
